| 000 | 00781nam a2200229 a 4500 | ||
|---|---|---|---|
| 001 | 39553 | ||
| 003 | BD-RjUL | ||
| 005 | 20211209053020.0 | ||
| 008 | 160412s2014 xxu||||| |||| 00| 0 ben d | ||
| 020 |
_a9789849055884 _c: Tk. 300.00 |
||
| 035 | _a(BD-RjUL) 39666 | ||
| 040 |
_aBD-RjUL _bben _cBD-RjUL |
||
| 041 | _aben | ||
| 082 |
_223 _a500 _bPAP 2014 |
||
| 100 |
_aপাল, নিশীথ কুমার _9119563 |
||
| 245 | 1 | 0 |
_aপ্রসঙ্গ : _bবিজ্ঞান ও প্রযুক্তি / _cনিশীথ কুমার পাল |
| 260 |
_aঢাকা : _bঅনন্যা, _c২০১৪ |
||
| 300 |
_a২৫৪ পৃ. ; _c২২ সেমি. |
||
| 650 |
_aবিজ্ঞান _9122670 |
||
| 650 |
_aScience _9122671 |
||
| 942 |
_2ddc _cBK |
||
| 999 |
_c39553 _d39553 |
||